[Event "Palmira Fortalece Sede"]
[Site "Palmira"]
[Date "2022.12.16"]
[Round "6"]
[White "Cruz, Cristhian"]
[Black "Mateus, Alejandro"]
[Result "1-0"]
[WhiteElo "2532"]
[BlackElo "2300"]
[PlyCount "83"]
[EventDate "2022.12.13"]
[EventType "swiss"]
[EventRounds "10"]
[EventCountry "COL"]
[SourceTitle "CBM 211 Extra"]
[Source "ChessBase"]
[SourceDate "2023.01.31"]
[SourceVersion "1"]
[SourceVersionDate "2023.01.31"]
[SourceQuality "1"]

1. c4 c6 2. Nf3 d5 3. e3 Nf6 4. Nc3 e6 5. Qc2 Nbd7 6. b3 Bd6 7. Be2 0-0 8. d4 b6 9. 0-0 Bb7 10. Bb2 Qe7 11. Rad1 Rad8 12. Rfe1 Rfe8 13. g3 a6 14. Bf1 Nf8 15. Bg2 Ng6 16. e4 Nxe4 17. Nxe4 dxe4 18. Qxe4 c5 19. Qe3 cxd4 20. Bxd4 Bc5 21. Bxc5 Qxc5 22. Qxc5 bxc5 23. Ng5 Bxg2 24. Kxg2 Rd4 25. Nf3 Rdd8 26. Ng5 Rd4 27. Ne4 Rc8 28. f4 Rcd8 29. Rxd4 cxd4 30. Nc5 Rd6 31. Nd3 Ne7 32. b4 Kf8 33. a4 Ke8 34. Kf3 Rd8 35. b5 axb5 36. axb5 Rc8 37. Rc1 h5 38. Ke4 Nf5 39. c5 f6 40. Ra1 Rb8 41. b6 Kd7 42. Nb4 1-0

[Event "Jamundi Fortalece Sede op"]
[Site "Jamundi"]
[Date "2022.12.11"]
[Round "10"]
[White "Mateus, Alejandro"]
[Black "Zuluaga Mancilla, Cesar"]
[Result "1/2-1/2"]
[WhiteElo "2300"]
[BlackElo "2233"]
[PlyCount "147"]
[EventDate "2022.12.05"]
[EventType "swiss"]
[EventRounds "10"]
[EventCountry "COL"]
[SourceTitle "CBM 211 Extra"]
[Source "ChessBase"]
[SourceDate "2023.01.31"]
[SourceVersion "1"]
[SourceVersionDate "2023.01.31"]
[SourceQuality "1"]

1. e4 c5 2. Nf3 a6 3. c3 Nf6 4. e5 Nd5 5. d4 cxd4 6. Bc4 Nb6 7. Bb3 d5 8. exd6 e6 9. Qxd4 Nc6 10. Qg4 h5 11. Qe4 Bxd6 12. 0-0 Qc7 13. Re1 Bd7 14. Bg5 Ne7 15. Bxe7 Bxe7 16. Ne5 Bf6 17. Nxd7 Nxd7 18. Na3 0-0-0 19. Rad1 Nc5 20. Qe3 h4 21. h3 Rxd1 22. Bxd1 Rd8 23. Bc2 Nd7 24. Rd1 Nb6 25. Rxd8+ Qxd8 26. Bb3 Qd6 27. Nc4 Nxc4 28. Bxc4 Kb8 29. Qd3 Qc5 30. Bb3 Qe5 31. Kf1 Qh2 32. Qe4 Qh1+ 33. Ke2 Qc1 34. Qc2 Qf4 35. Qd3 Qg5 36. Qe4 Be5 37. Bd1 Bc7 38. b4 Qc1 39. Qc2 Qf4 40. c4 f5 41. Qd3 g5 42. Bb3 Qe5+ 43. Qe3 Qb2+ 44. Kf1 Qa1+ 45. Qe1 Qf6 46. c5 e5 47. Qd2 e4 48. Qd5 Qa1+ 49. Ke2 Qb2+ 50. Qd2 Qf6 51. Qd5 Bf4 52. a4 Qb2+ 53. Kf1 e3 54. fxe3 Qc1+ 55. Bd1 Qxe3 56. b5 axb5 57. axb5 Bg3 58. Qg8+ Kc7 59. Qf7+ Kd8 60. Qf8+ Qe8 61. Qxe8+ Kxe8 62. Bf3 b6 63. cxb6 Ke7 64. Ke2 Kd6 65. Kd3 Kc5 66. b7 Be5 67. Bc6 g4 68. Bd7 gxh3 69. gxh3 Bb8 70. Ke3 Kb6 71. Bc6 Kc5 72. Kf3 Kb6 73. Kf2 Kc5 74. Kf3 1/2-1/2

[Event "Jamundi Fortalece Sede op"]
[Site "Jamundi"]
[Date "2022.12.08"]
[Round "5"]
[White "Mateus, Alejandro"]
[Black "Malka, Samuel"]
[Result "0-1"]
[WhiteElo "2300"]
[BlackElo "2265"]
[PlyCount "80"]
[EventDate "2022.12.05"]
[EventType "swiss"]
[EventRounds "10"]
[EventCountry "COL"]
[SourceTitle "CBM 211 Extra"]
[Source "ChessBase"]
[SourceDate "2023.01.31"]
[SourceVersion "1"]
[SourceVersionDate "2023.01.31"]
[SourceQuality "1"]

1. e4 e5 2. Nf3 Nc6 3. d4 exd4 4. Nxd4 Nf6 5. Nxc6 bxc6 6. Bd3 d5 7. Nd2 Bd6 8. 0-0 0-0 9. h3 Re8 10. Re1 Bb7 11. exd5 cxd5 12. Nf3 Ne4 13. Be3 c5 14. Nd2 f5 15. Nxe4 fxe4 16. Bb5 Rf8 17. c3 Qf6 18. Qd2 Qe5 19. g3 Qf5 20. Bf1 Rad8 21. Rad1 a5 22. Qc2 Bc6 23. b4 axb4 24. cxb4 c4 25. Rb1 Bd7 26. Red1 Be6 27. b5 Be5 28. Bc5 d4 29. Bxc4 Bxc4 30. Qxc4+ Rf7 31. Rb2 d3 32. Rbd2 Rc8 33. Qd5 Bc3 34. Qxf5 Rxf5 35. Be3 Bxd2 36. Rxd2 Rxb5 37. a4 Rb1+ 38. Kg2 Rc2 39. a5 Rxd2 40. Bxd2 Rb2 0-1

[Event "Sabaneta op-A 1st"]
[Site "Sabaneta"]
[Date "2022.11.28"]
[Round "5"]
[White "Cordoba Roa, Angel Gabriel"]
[Black "Mateus, Alejandro"]
[Result "0-1"]
[WhiteElo "2126"]
[BlackElo "2308"]
[PlyCount "48"]
[EventDate "2022.11.25"]
[EventType "swiss"]
[EventRounds "10"]
[EventCountry "COL"]
[SourceTitle "CBM 211 Extra"]
[Source "ChessBase"]
[SourceDate "2023.01.31"]
[SourceVersion "1"]
[SourceVersionDate "2023.01.31"]
[SourceQuality "1"]

1. e4 c5 2. Nf3 d6 3. d4 cxd4 4. Nxd4 Nf6 5. Nc3 a6 6. Bg5 e6 7. f4 h6 8. Bh4 Qb6 9. Qd2 Qxb2 10. Rb1 Qa3 11. e5 dxe5 12. fxe5 Nfd7 13. Ne4 Qxa2 14. Rd1 Qd5 15. Qe3 Qxe5 16. Be2 Bc5 17. Bg3 Qd5 18. Bd6 Bxd6 19. Nb5 Bb4+ 20. c3 Qe5 21. cxb4 axb5 22. Nd6+ Ke7 23. Qc1 Nc6 24. 0-0 Nf6 0-1

[Event "COL-chT"]
[Site "Santa Marta"]
[Date "2022.11.03"]
[Round "2.1"]
[White "Mateus, Alejandro"]
[Black "Gonzalez Iturriago, Joaquin"]
[Result "1-0"]
[WhiteElo "2308"]
[BlackElo "1673"]
[PlyCount "49"]
[EventDate "2022.11.02"]
[EventType "team-swiss"]
[EventRounds "7"]
[EventCountry "COL"]
[SourceTitle "CBM 211 Extra"]
[Source "ChessBase"]
[SourceDate "2023.01.31"]
[SourceVersion "1"]
[SourceVersionDate "2023.01.31"]
[SourceQuality "1"]
[WhiteTeam "Valle II"]
[BlackTeam "Magdalena IV"]
[WhiteTeamCountry "COL"]
[BlackTeamCountry "COL"]

1. e4 e5 2. Nf3 Nc6 3. Bb5 Nd4 4. Nxd4 exd4 5. 0-0 Bc5 6. d3 Qh4 7. Nd2 Nf6 8. Nf3 Qh5 9. e5 Ng8 10. c3 dxc3 11. bxc3 Bb6 12. Ba3 Ne7 13. Bxe7 Kxe7 14. Qc1 c6 15. Bc4 Bc7 16. Qa3+ Ke8 17. Nd2 h6 18. Ne4 b6 19. Rfe1 Kd8 20. Nd6 Bxd6 21. Qxd6 Re8 22. e6 fxe6 23. Bxe6 Re7 24. Qxe7+ Kxe7 25. Bg4+ 1-0

[Event "Medellin Raza Cup"]
[Site "Medellin"]
[Date "2022.10.20"]
[Round "3"]
[White "Mateus, Alejandro"]
[Black "Arenas Vanegas, David"]
[Result "1/2-1/2"]
[WhiteElo "2282"]
[BlackElo "2426"]
[PlyCount "46"]
[EventDate "2022.10.19"]
[EventType "swiss"]
[EventRounds "10"]
[EventCountry "COL"]
[SourceTitle "EXT 2024"]
[Source "ChessBase"]
[SourceDate "2023.10.10"]
[SourceVersion "1"]
[SourceVersionDate "2023.10.10"]
[SourceQuality "1"]

1. d4 Nf6 2. c4 e6 3. Nc3 Bb4 4. Qc2 0-0 5. e4 d5 6. e5 Ne4 7. Bd3 c5 8. Nf3 cxd4 9. Nxd4 Nd7 10. Bf4 Ndc5 11. 0-0 Bxc3 12. bxc3 Bd7 13. cxd5 exd5 14. f3 Ba4 15. Qb1 Nxd3 16. Qxd3 Nc5 17. Qd2 Qd7 18. Rfe1 Rfe8 19. Re3 Rac8 20. Rae1 Ne6 21. Nxe6 fxe6 22. Rd3 b6 23. Rd4 Bb5 1/2-1/2

[Event "Ibague op"]
[Site "Ibague"]
[Date "2022.10.09"]
[Round "10"]
[White "Mateus, Alejandro"]
[Black "Avila Pavas, Santiago"]
[Result "1/2-1/2"]
[WhiteElo "2282"]
[BlackElo "2460"]
[PlyCount "84"]
[EventDate "2022.10.05"]
[EventType "swiss"]
[EventRounds "10"]
[EventCountry "COL"]
[SourceTitle "CBM 210 Extra"]
[Source "ChessBase"]
[SourceDate "2022.11.30"]
[SourceVersion "1"]
[SourceVersionDate "2022.11.30"]
[SourceQuality "1"]

1. e4 c5 2. c3 Nc6 3. d4 d5 4. exd5 Qxd5 5. Nf3 Bf5 6. Be3 cxd4 7. Nxd4 Nf6 8. Nxf5 Qxf5 9. Bd3 Qd5 10. 0-0 0-0-0 11. Be2 Qxd1 12. Rxd1 Rxd1+ 13. Bxd1 Nd5 14. Bd2 e6 15. Bf3 Bc5 16. c4 Nb6 17. Bxc6 bxc6 18. b3 Rd8 19. Kf1 Bd4 20. Bc3 Kc7 21. Bxd4 Rxd4 22. Ke2 Kd6 23. Nd2 e5 24. Rd1 f5 25. Nf3 Rxd1 26. Kxd1 c5 27. Ng5 h6 28. Nf7+ Ke6 29. Nd8+ Kf6 30. a3 e4 31. Kd2 a6 32. Nb7 Nd7 33. b4 cxb4 34. axb4 Ke5 35. Kc3 f4 36. Nd8 Nb8 37. Nf7+ Ke6 38. Nd8+ Ke5 39. Nf7+ Ke6 40. Nd8+ Ke5 41. b5 axb5 42. cxb5 Kd5 1/2-1/2

[Event "Ibague op"]
[Site "Ibague"]
[Date "2022.10.06"]
[Round "4"]
[White "Mateus, Alejandro"]
[Black "Blanco Fernandez, Lino Orlando"]
[Result "1/2-1/2"]
[WhiteElo "2282"]
[BlackElo "2297"]
[PlyCount "56"]
[EventDate "2022.10.05"]
[EventType "swiss"]
[EventRounds "10"]
[EventCountry "COL"]
[SourceTitle "CBM 210 Extra"]
[Source "ChessBase"]
[SourceDate "2022.11.30"]
[SourceVersion "1"]
[SourceVersionDate "2022.11.30"]
[SourceQuality "1"]

1. e4 e5 2. Nf3 d6 3. d4 Nd7 4. Bc4 c6 5. 0-0 Be7 6. dxe5 dxe5 7. Ng5 Bxg5 8. Qh5 Qe7 9. Qxg5 Qxg5 10. Bxg5 Ngf6 11. f3 Ke7 12. Be3 b6 13. a4 a5 14. Nd2 Ne8 15. Rfd1 Nd6 16. Ra3 Rd8 17. Rd3 Rb8 18. Rb3 f6 19. Be2 c5 20. Kf2 Bb7 21. Nc4 Nxc4 22. Bxc4 Bc6 23. Bb5 Bxb5 24. Rxb5 Rdc8 25. Ke2 Nf8 26. Rd3 Ne6 27. c3 Rc6 28. Rd2 Rcc8 1/2-1/2

[Event "Ibague op"]
[Site "Ibague"]
[Date "2022.10.05"]
[Round "2"]
[White "Mateus, Alejandro"]
[Black "Rios Gomez, Cristhian Camilo"]
[Result "1/2-1/2"]
[WhiteElo "2282"]
[BlackElo "2434"]
[PlyCount "69"]
[EventDate "2022.10.05"]
[EventType "swiss"]
[EventRounds "10"]
[EventCountry "COL"]
[SourceTitle "CBM 210 Extra"]
[Source "ChessBase"]
[SourceDate "2022.11.30"]
[SourceVersion "1"]
[SourceVersionDate "2022.11.30"]
[SourceQuality "1"]

1. e4 c5 2. Nf3 Nc6 3. d4 cxd4 4. Nxd4 Nf6 5. Nc3 e5 6. Ndb5 d6 7. Bg5 a6 8. Na3 b5 9. Bxf6 gxf6 10. Nd5 f5 11. Bxb5 axb5 12. Nxb5 Ra4 13. Nbc7+ Kd7 14. 0-0 Rxe4 15. Qh5 Ne7 16. Qxf7 Kc6 17. Rfd1 Nxd5 18. Nxd5 Qd7 19. Qh5 Qg7 20. Qe8+ Qd7 21. Qh5 Qg7 22. a4 Be6 23. Qe8+ Qd7 24. Qa8+ Qb7 25. Qe8+ Qd7 26. Qa8+ Qb7 27. Qe8+ Bd7 28. Qf7 Be6 29. Qe8+ Qd7 30. Qa8+ Qb7 31. Qa5 Rd4 32. Rxd4 exd4 33. Nf4 Bd7 34. Qd5+ Kc7 35. Qxd4 1/2-1/2